| 000 | 00364nam a2200145Ia 4500 | ||
|---|---|---|---|
| 008 | 150201s2002 xx 000 0 und d | ||
| 082 |
_a616.96 _bM2002P |
||
| 100 | _aPANIKAR | ||
| 245 | _aTEXT BOOK OF MEDICAL PARASITOLOGY | ||
| 250 | _a5TH | ||
| 260 |
_bJAYPEE MEDICAL PUBLISHER _aNEW DELHI _c2002 |
||
| 300 | _a1-221 | ||
| 650 | _aMICROBIOLOGY | ||
| 942 |
_2ddc _cBK |
||
| 999 |
_c2767 _d2767 |
||